| 000 | 00889cam a2200277 a 4500 | ||
|---|---|---|---|
| 001 | 000019599 | ||
| 005 | 20200929170054.0 | ||
| 008 | 840920s1969 sp 001 f spa d | ||
| 040 |
_aDO-SdBNP _bspa _cLC _dBNPHU |
||
| 082 |
_a863.6 _bV181v, 1969 |
||
| 100 | 1 |
_aValle-Inclán, Ramón del, _d1866-1936. _93325 |
|
| 245 | 1 | 0 |
_aViva mi dueño / _cRamón del Valle-Inclán. |
| 250 | _a2a ed. | ||
| 260 |
_aMadrid : _bEspasa-Calpe, _c1969. |
||
| 300 |
_a252, [16] p. ; _c18 cm. |
||
| 490 | 1 |
_aAustral. Azul: novelas y cuentos en general _v1300 |
|
| 490 | 1 | _aEl ruedo ibérico | |
| 500 | _aIncluye índice de autores | ||
| 651 | 4 |
_aNovela Española _942026 |
|
| 650 | 4 |
_aLiteratura española _9632 |
|
| 830 | 3 |
_aEl ruedo ibérico _942027 |
|
| 830 | 0 |
_aAustral. _pAzul: novelas y cuentos en general _v1300 _922386 |
|
| 910 | _aCatalogación derivada / LC | ||
| 910 | _aWM | ||
| 049 | _aBNGR | ||
| 999 |
_c19115 _d19115 |
||